[Event "ODJM A 2016"]
[Site "Willingen GER"]
[Date "2016.05.21"]
[Round "9"]
[White "Wolf, Philipp"]
[Black "Diegel, Jonas"]
[Result "1/2-1/2"]
[Termination "normal"]
[Board "60"]
[WhiteElo "1592"]
[BlackElo "1678"]
[PlyCount "105"]
[WhiteFideId "12958948"]
[BlackFideId "16206061"]
[EventCountry "GER"]
[EventRounds "9"]
[EventType "swiss"]
[EventDate "2016.05.14"]

1. e4 e6 2. d4 d5 3. Nd2 c5 4. exd5 exd5 5. dxc5 Bxc5 6. Nb3 Bb6 7. Nf3 Bg4 8.
h3 Bh5 9. g4 Bg6 10. Qe2+ Qe7 11. Qxe7+ Nxe7 12. Nfd4 Nbc6 13. Be3 Be4 14. Rh2
Rc8 15. f4 Ng6 16. O-O-O Nb4 17. Re1 Nxa2+ 18. Kb1 Nb4 19. Bd2 Nc6 20. Nxc6
bxc6 21. Bd3 O-O 22. Bxe4 dxe4 23. Rxe4 Nh4 24. Bc3 f6 25. g5 fxg5 26. fxg5
Rf1+ 27. Ka2 Nf3 28. Rg2 Rg1 29. Rxg1 Bxg1 30. Re7 h5 31. Rxg7+ Kf8 32. g6 Ng5
33. Bf6 Be3 34. h4 Ne4 35. Rf7+ Kg8 36. Re7 Nxf6 37. Rxe3 Kg7 38. Rg3 Ng4 39.
Rc3 Kxg6 40. Na5 Ne5 41. Rc5 Kf6 42. Nc4 Nxc4 43. Rxc4 Kf5 44. Kb3 Rb8+ 45. Kc3
Rb6 46. b3 a5 47. Ra4 Rb5 48. Kb2 Rc5 49. c3 Re5 50. Kc2 Rc5 51. Kd3 Ke5 52.
Re4+ Kf5 53. Ra4 1/2-1/2